Grandpa's magic tortilla /

When Grandpa Luis's grandchildren are visiting him in Chimayo, New Mexico, they see pictures of animals in one of the tortillas he has cooked for their breakfast.

Bibliographic Details
Main Author: Martínez, Demetria, 1960-
Other Authors: Montoya-Read, Rosalee, Casaus, Lisa May (Illustrator)
Format: Book
Language:English
Spanish
Published: Albuquerque : University of New Mexico Press, 2010.
Series:Children of the West series.
Subjects:

MARC

Tag First Indicator Second Indicator Subfields
LEADER 00000cam a2200000 a 4500
001 in00002671237
005 20151202093605.0
008 100607s2010 nmua b s000 1 eng
010 |a  2010021554 
020 |a 9780826348623 (cloth : alk. paper) 
020 |a 0826348629 (cloth : alk. paper) 
035 |a (OCoLC)ocn639573819 
035 |a (OCoLC)639573819 
040 |a DLC  |c DLC  |d YDX  |d YDXCP  |d NMH  |d UtOrBLW 
041 0 |a eng  |a spa 
042 |a lcac 
049 |a TXAM 
050 0 0 |a PZ73  |b .M2787 2010 
082 0 0 |a [Fic]  |2 22 
100 1 |a Martínez, Demetria,  |d 1960- 
245 1 0 |a Grandpa's magic tortilla /  |c Demetria Martínez & Rosalee Montoya-Read ; illustrations by Lisa May Casaus ; Spanish translation by Rosalee Montoya-Read. 
264 1 |a Albuquerque :  |b University of New Mexico Press,  |c 2010. 
300 |a 30 pages :  |b color illustrations ;  |c 27 cm. 
336 |a text  |b txt  |2 rdacontent 
337 |a unmediated  |b n  |2 rdamedia 
338 |a volume  |b nc  |2 rdacarrier 
490 1 |a Children of the West series 
520 |a When Grandpa Luis's grandchildren are visiting him in Chimayo, New Mexico, they see pictures of animals in one of the tortillas he has cooked for their breakfast. 
650 1 |a Tortillas  |v Fiction. 
650 1 |a Grandparents  |v Fiction. 
650 1 |a Mexican Americans  |v Fiction. 
651 1 |a New Mexico  |v Fiction. 
650 1 |a Spanish language materials  |x Bilingual. 
700 1 |a Montoya-Read, Rosalee. 
700 1 |a Casaus, Lisa May,  |e illustrator. 
830 0 |a Children of the West series. 
938 |a YBP Library Services  |b YANK  |n 3408560 
945 |a PromptCat  |b 124693 
946 |a stk 
947 |a A14839770320 
994 |a 92  |b TXA 
948 |a Cataloged  |b h  |c 2010/11/5  |d c  |e ibarton 
999 |a MARS 
999 f f |s cfa5af98-cd18-305d-a952-78100342c344  |i 645862bd-8c0b-341b-9a80-9b9ed21af017  |t 0 
952 f f |p normal  |a Texas A&M University  |b College Station  |c Sterling C. Evans Library  |d Evans: Library Stacks  |t 0  |e PZ73 .M2787 2010  |h Library of Congress classification  |i unmediated -- volume  |m A14839770320 
998 f f |a PZ73 .M2787 2010  |t 0  |l Evans: Library Stacks